WW2 Trivia - Statistics

General Stats
  • This quiz has been taken 156 times
  • The average score is 8 of 14
Answer Stats
Hint Answer % Correct
How many years did the Siege of Leningrad last for? 4
94%
In what year did the USA join the war? 1941
91%
What country/kingdom invented the first tank? United Kingdom/UK
90%
Who was 'The Desert Fox?' Erwin Rommel
86%
What Country did Hitler invade first? Austria
84%
What country did the USSR fight in the 'Winter War'? Finland
82%
What political ideology did the USSR have? Communism
74%
What Super, German Battleship did the Royal Navy sink in 1941? the Bismarck
54%
The 'Maus' was a prototype for what? a Tank
51%
Finish the name of the Nazi defence Stronghold, on the Atlantic: The --------- Wall Atlantic
42%
Who led the team that cracked Enigma? Alan Turing
40%
What was the last Civil War before WW2? The Spanish Civil War
26%
What produced the Stuka bomber's infamous wailing sound? a siren
22%
If the Heer are attacking what should you be looking out for? The German Army
2%
No matching quizzes found
Score Distribution
Percent of People with Each Score
Percentile by Number Answered
Your Score History
You have not taken this quiz